00255nam a2200097Ia 4500008004100000020001400041100002000055245002700075260004100102300001400143180305s9999 xx 000 0 und d a312954212 aSimons, Paulina cPaulina SimonsaTully/ aUSAbSMP ST. MArtin Paperbacksc1994 a685 Pages